<?xml version="1.0" encoding="UTF-8"?>
<marc:record xmlns:marc="http://www.loc.gov/MARC21/slim">
   <marc:leader>00000nam a2200000 a 4500</marc:leader>
   <marc:datafield ind1="1" ind2=" " tag="100">
      <marc:subfield code="a">Brown, Sandra</marc:subfield>
      <marc:subfield code="4">aut</marc:subfield>
      <marc:subfield code="e">Verfasser/-in</marc:subfield>
   </marc:datafield>
   <marc:datafield ind1="1" ind2=" " tag="100">
      <marc:subfield code="a">Treger, Martina</marc:subfield>
      <marc:subfield code="4">stl</marc:subfield>
      <marc:subfield code="e">Erzähler/-in</marc:subfield>
   </marc:datafield>
   <marc:datafield ind1="1" ind2=" " tag="100">
      <marc:subfield code="a">Göhler, Christoph</marc:subfield>
      <marc:subfield code="4">trl</marc:subfield>
      <marc:subfield code="e">Übersetzer/-in</marc:subfield>
   </marc:datafield>
   <marc:datafield ind1="0" ind2="0" tag="245">
      <marc:subfield code="a">Tödliche Sehnsucht</marc:subfield>
   </marc:datafield>
   <marc:datafield ind1="0" ind2="0" tag="245">
      <marc:subfield code="c">Sandra Brown ; gelesen von Martina Treger ; aus dem Amerikanischen übersetzt von Christoph Göhler</marc:subfield>
   </marc:datafield>
   <marc:datafield ind1=" " ind2="1" tag="264">
      <marc:subfield code="a">München</marc:subfield>
      <marc:subfield code="b">Random House Audio</marc:subfield>
      <marc:subfield code="c">2018</marc:subfield>
   </marc:datafield>
   <marc:datafield ind1="1" ind2=" " tag="520">
      <marc:subfield code="a">Angaben aus der Verlagsmeldung

Tödliche Sehnsucht Friction (Grand Central Publishing, New York 2015) / von Sandra Brown

Wie weit geht man, um die zu schützen, die man am meisten liebt?Crawford Hunt will seine Tochter zurück. Nach dem Tod seiner Frau befindet sich der Texas Ranger in einer Abwärtsspirale, ist zu Büroarbeit degradiert worden und musste seine fünfjährige Tochter wegen eines Gerichtsbeschlusses weggeben. Jetzt hat er sein Leben wieder im Griff, doch das Schicksal seiner kleinen Familie liegt in den Händen von Richterin Holly Spencer. Die erkennt zwar, dass er sein Kind über alles liebt, ist aber unsicher, ob er die Verantwortung wirklich übernehmen kann. Hollys Meinung ändert sich jedoch schlagartig, als während der Anhörung ein bewaffneter Mann auftaucht und Crawford sie gerade noch vor einer Kugel retten kann. Doch der Täter wird nicht gefasst und bleibt eine Bedrohung. Crawford will Holly beschützen – aber die verbotene Anziehungskraft zwischen den beiden macht ihm das nicht leicht … Mitreißend gelesen von Martina Treger(6 CDs, Laufzeit: ca. 7h 30)
</marc:subfield>
   </marc:datafield>
   <marc:datafield ind1=" " ind2=" " tag="020">
      <marc:subfield code="a">9783837140620</marc:subfield>
      <marc:subfield code="9">9783837140620</marc:subfield>
   </marc:datafield>
   <marc:datafield ind1=" " ind2=" " tag="020">
      <marc:subfield code="a">3837140628</marc:subfield>
      <marc:subfield code="9">3837140628</marc:subfield>
   </marc:datafield>
   <marc:datafield ind1=" " ind2=" " tag="041">
      <marc:subfield code="a">ger</marc:subfield>
   </marc:datafield>
   <marc:datafield ind1="0" ind2=" " tag="490">
      <marc:subfield code="v">0</marc:subfield>
   </marc:datafield>
   <marc:datafield ind1=" " ind2=" " tag="300">
      <marc:subfield code="a">6 CDs</marc:subfield>
   </marc:datafield>
</marc:record>
